Представление документа в формате RUSMARC

ПолеНазваниеЗначение
  Тип записи a
  Библиографический уровень a
001 Контрольный номер RU/CBS_UL/BASE/09ae4e9e995840e3a78cfff13a25e87f
005 Дата корректировки 20260422163200.6
100 Данные общей обработки __
a Данные общей обработки 20260422 ||| 0rusy0189 ca
101 Язык документа 0_
a Язык текста rus
102 Страна публикации __
a Страна публикации RU
200 Заглавие и сведения об ответственности 1_
a Заглавие Для завода глаз
e Сведения, относящиеся к заглавию [академик Д. Рождественский стал основателем оптической промышленности в России]
f Первые сведения об ответственности М. Позднякова
300 Общие примечания __
a Общие примечания Содерж. : "Взор" Гагарина ; От топоров до ювелирки
461 Уровень набора _0
1 2000
a Аргументы и факты
463 Уровень физической единицы _0
1 2000
a № 15 (15-21 апр.)
v С. 10 : фот.
1 2101
d 2026
1 001RU/CBS_UL/BASE/f4c57dc38aec4d76a8bfa71b76654413
600 Персоналии _1
a Персоналии (Фамилия) Рождественский
b Персоналии (Имя, инициалы) Д.С.
606 Тематические рубрики 0_
a Основная рубрика Рождественский, Дмитрий Сергеевич (1876-1940)
610 Ключевые слова 0_
a Ключевые слова физики, физики русские, советские физики, основатели Государственного оптического института (ГОИ), организаторы оптической промышленности в СССР, академики АН СССР
686 Индексы других классификаций __
2 Код системы rubbk
a Классификационный индекс 22.3г
700 Автор _1
a Фамилия Позднякова
b Имя (инициалы) М.
801 Источник записи _0
a Страна RU
b Организация МБУК ЦБС г. Ульяновска
c Дата составления 20260422
g Правила каталогизации RCR
801 Источник записи _1
a Страна RU
b Организация МБУК ЦБС г. Ульяновска
c Дата составления 20260422
g Правила каталогизации RCR
901 Тип документа __
t Тип документа f
w Контрольный № источника RU/CBS_UL/BASE/f4c57dc38aec4d76a8bfa71b76654413
909 Создатель записи __
a Создатель записи lib1